Normal view
MARC view
- Brar Navdeep & Rawat H C
Entry Personal Name
001 - CONTROL NUMBER
- control field: 179763
003 - CONTROL NUMBER IDENTIFIER
- control field: OSt
005 - DATE AND TIME OF LATEST TRANSACTION
- control field: 20230314152751.0
008 - FIXED-LENGTH DATA ELEMENTS
- fixed length control field: 230314|| aca||aabn | a|a d
040 ## - CATALOGING SOURCE
- Original cataloging agency: OSt
- Transcribing agency: OSt
100 ## - HEADING--PERSONAL NAME
- Personal name: Brar Navdeep & Rawat H C
670 ## - SOURCE DATA FOUND
- Source citation: Work cat.: (OSt)141685: Brar Navdeep & Rawat H C, Textbook of Advanced Nursing Practice, 2015